000 00210nam a2200085Ia 4500
245 0 _aRainmaker
100 _a PINNOCK, Don Auckland Park, 2010
942 _cBK
008 210825s9999 xx 000 0 und d
999 _c559613
_d559612